Historical flags of countries - Statistics

General Stats
  • This quiz has been taken 170 times
    145 since last reset
  • The average score is 28 of 36
Answer Stats
Picture Hint Answer % Correct
1707-1801 Great Britain
99%
1871-1918 Germany
95%
1861-1946 Italy
94%
1928-94 South Africa
93%
Before 1789 France
91%
1975-79 Cambodia
90%
1870-1889 Brazil
89%
1912-28 China
89%
1931-39 Spain
89%
1941-74 Ethiopia
88%
1863-1924, 1935-73 Greece
88%
1949-56 Hungary
88%
1964-80 Iran
88%
1977-2011 Libya
88%
1830-1910 Portugal
88%
1843-1916 Thailand
86%
1805-67 Austria
82%
1932-58, 61-63 Syria
81%
1964-86 Haiti
78%
1949-75 Vietnam
77%
1922-53 Egypt
73%
1952-75 Laos
72%
1967-90 Yemen (South)
70%
1992-98 Bosnia and Herzegovina
69%
1974-2010 Burma/Myanmar
69%
1990-2004 Georgia
69%
1991-95 Belarus
67%
1918-37 Russia
67%
1980-87 Afghanistan
66%
1814-21 Norway
66%
1927-62/70 Yemen (North)
61%
1885-1960 Congo
58%
1940-45 Mongolia
58%
1959-63 Iraq
49%
1820-1971 United Arab Emirates
46%
1975-90 Benin
36%
No matching quizzes found
Score Distribution
Percent of People with Each Score
Percentile by Number Answered
Your Score History
You have not taken this quiz since the last reset